| 000 | 00362nam a2200145Ia 4500 | ||
|---|---|---|---|
| 008 | 191201s2004 xx 000 0 und d | ||
| 082 |
_a004 _bCYI |
||
| 100 | _aCYGANSKI, David | ||
| 245 | 0 | _aInformation Technology Inside and Outside | |
| 250 | _a3rd | ||
| 260 |
_aN.Delhi _bPearson Education _c2004 |
||
| 300 | _a338 | ||
| 650 | _aB.Tech(ECE) | ||
| 942 |
_2ddc _cBK |
||
| 999 |
_c2365 _d2365 |
||